| 000 | 01687nam a2200361 i 4500 | ||
|---|---|---|---|
| 001 | 768714001 | ||
| 003 | CO-MdFUSB | ||
| 005 | 20211012111017.0 | ||
| 007 | ta | ||
| 008 | 200709t1962 sp |||| |||| 00| 0 spa d | ||
| 020 | _a[No incluye ISBN] | ||
| 040 |
_aCO-MdFUSB _bspa _cCO-MdFUSB _dCO-MdFUSBC _erda |
||
| 041 |
_aspa _heng |
||
| 082 |
_223 _a230 _bF245 |
||
| 100 |
_aFarrell, Walter _d1902-1951 _eautor |
||
| 240 | _aThe fullness of life | ||
| 245 |
_aPlenitud de vida : _bcorresponde a la Parte II A, II AE _c/ Walter Farrell ; traducido por Fray Efren Villacorta Saiz, O.P. |
||
| 250 | _aPrimera edición | ||
| 264 | 1 |
_aMadrid, España : _bEdiciones Morata, _c[1962] |
|
| 264 | 4 | _c©1962 | |
| 300 |
_c493 páginas ; _a22 cm |
||
| 336 |
_2rdacontent _atexto _btxt |
||
| 337 |
_2rdamedia _asin mediación _bn |
||
| 338 |
_2rdacarrier _avolumen _bnc |
||
| 490 | _aColección Jordán | ||
| 505 | _aLibertad de la mente. -- Libertad de la voluntad. -- Compartiendo la vida divina. -- Plenitud del amor. -- La vaciedad de la contienda. -- Plenitud de acción. -- La plenitud de la vida social. -- La esencia de la anarquía I. -- La esencia de la anarquía II. -- La plenitud de la religión. -- La esterilidad de la irreligión. -- El deudor de la sociedad. -- Raíces de la rudeza. -- La plenitud del valor. --Grandeza de alma. -- El animal humano. -- La libertad de la pureza. -- La plenitud de la verdad. -- Modestia y milagros. -- Plenitud de vida. | ||
| 563 | _aRústico | ||
| 650 | 7 |
_9320 _aTeología bíblica |
|
| 700 |
_95187 _aVillacorta Saiz, Efren _etraductor |
||
| 830 |
_aGuía de la suma teológica _pTomo tercero |
||
| 942 | _cBK | ||
| 945 | _aDani | ||
| 999 |
_c66493 _d66493 |
||